Citations de personnes/personnages célèbres - Statistiques

Statistiques générales
  • Ce quiz a été pris 63 fois
  • Le résultat moyen est 10 sur 44
Statistiques - réponses
Hint Réponse % Correct
« T'es une fille, t'as pas de shampoing? Nan mais allô ! C'est comme si j'te dis : t'es une fille, t'as pas d'cheveux ! » Nabilla
86%
« Chipper, arrête de chiper ! » Dora l'exploratrice
84%
« Vers l’infini et au-delà ! » Buzz l’éclair
82%
« C’est Leviooosa, pas Leviosaaa ! » Hermione Granger (Harry Potter)
79%
« Le football il a changé ! » Kylian Mbappé
79%
« Téléphone maison » E.T
77%
« Nous sommes en guerre ! » Emmanuel Macron
70%
« Quoi de neuf, docteur ? » Bugs Bunny
58%
« Tous pour un, un pour tous ! » D'Artagnan (Les Trois Mousquetaires)
42%
« Et ça ! J’achète !!! » Jean-Marc Généreux
42%
« Un jour je deviendrai un hokage moi aussi, je serai le plus grand hokage de tout les temps, je les surpasserai tous ! » Naruto Uzumaki
42%
« Tikki, transforme-moi ! » Marinette / Ladybug (Miraculous)
33%
« Il faut qu'on retrouve la princesse ! » Mario (Super Mario Bros)
33%
« Quel indignité… » Nicolas Sarkozy
33%
« Les hommes politiques doivent mentir sinon tu voudrais pas pour eux » Orelsan
32%
« Je voudrais que les enfants apprennent le ABCD avant le LGBT » Eric Zemmour
19%
« C’est pas parce que tu ne joues plus que le jeu s’arrête » Kaaris
12%
« Le monde est méchant ! Donne-leur des pépettes ces connards vont géchan. » Niska
12%
« Le coeur d'une femme est un océan de secrets. » Rose (Titanic)
11%
« J’ai vu la beauté de la Terre mais aussi sa fragilité. » Thomas Pesquet
11%
« Ce n’est pas parce que je n’ai pas de pouvoir que je ne peux pas être un héros ! » Izuku Midoriya / Deku (My Hero Academia)
9%
« Nous passons notre vie à nous évader pour aller piller les banques, les trains et les diligences » Joe Dalton (Lucky Luke)
9%
« Je suis une businesswoman et je travaille très dur pour cela. » Kim Kardashian
9%
« Rire est le propre de l’homme » François Rabelais
5%
« C’est pas parce que tu m'check que t’es mon soss, gars » Gazo
5%
« Un rêve irréalisable. Voilà la vraie aventure ! » Luffy (One Piece)
5%
« Je suis ni un dragon ni un démon, je suis un être humain et rien d’autre. » Natsu Dragnir (Fairy Tail)
5%
« Si tu parles à ton eau de Javel pendant que tu fais la vaiselle, elle est tout de suite moins concentrée » Jean-Claude Van Damme
2%
« Va manger du caca au lieu de me parler de conneries à la con » MC Jean Gab'1 / Gabin
2%
« Le temps que passe un roi à gouverner dépend de la course du soleil » Mufasa (Le Roi Lion)
2%
« Le racisme c’est rien d’autre que de la peur et de l’ignorance » Omar Sy
2%
« J'aime qu'on m'aime comme je m'aime ! » Alain Delon
0%
« Je suis moche et je suis fier. » Bob l'éponge
0%
« On ne fait jamais tant d’enfants que dans les temps de misère » Denis Diderot
0%
« Ne jamais abandonner est ma plus grande force » Goku (Dragon Ball)
0%
« Le rire est une politesse du désespoir » Jean Dujardin
0%
« Diminuez donc les désirs, c'est comme si vous augmentiez les forces. » Jean-Jacques Rousseau
0%
« Je dois la vie à Michael Jackson » Johnny Hallyday
0%
« Écoute, écoute bien, c’est tout ce que je vais te dire : ne tombe jamais amoureuse » Maléfique (La Belle au bois dormant)
0%
« C’est l’heure de faire de la justice une réalité pour tous les enfants de Dieu. » Martin Luther King Jr
0%
« Toutes les femmes sont belles et méchantes et cruelles ; mais elles nous font si bien l'amour que Dieu leur pardonne d'avoir brisé des hommes. » Michel Sardou
0%
« Les combattants suivent et les baltringues se sauvent » Ninho
0%
« Ce n’est pas à nous, femmes victimes de violences de se cacher. C’est à vous, hommes violents, de disparaître » Sandrine Rousseau
0%
« Maman, maman ! Tu veux bien me donner des bonbons ? » Trotro (L'âne Trotro)
0%
Aucun quiz correspondant
Distribution des résultats
% des personnes avec chaque résultat
Percentile par nombre de réponses
Votre historique - résultats
Vous n’avez pas pris ce quiz